Majeure de physique Physique des électrons dans les solides; Textes de contrôles des connaissances proposes les années antérieures

Na minha lista:
Detalhes bibliográficos
Formato: Livro
Idioma:Undetermined
Publicado em: Paris école polytechnique 1997
Assuntos:
Tags: Adicionar Tag
Sem tags, seja o primeiro a adicionar uma tag!
Thư viện lưu trữ: Trung tâm Học liệu Trường Đại học Cần Thơ
LEADER 00564nam a2200169Ia 4500
001 CTU_42616
008 210402s9999 xx 000 0 und d
082 |a 530.141 
082 |b M233 
245 0 |a Majeure de physique 
245 0 |b Physique des électrons dans les solides; Textes de contrôles des connaissances proposes les années antérieures 
260 |a Paris 
260 |b école polytechnique 
260 |c 1997 
650 |a electromagnetic 
904 |i Nguyễn Quang Điền, 010704 
980 |a Trung tâm Học liệu Trường Đại học Cần Thơ